| Tag |
First Indicator |
Second Indicator |
Subfields |
| LEADER |
00000cam a2200000 4500 |
| 001 |
in00000039247 |
| 005 |
20151007081612.0 |
| 008 |
711220s1964 eng u |
| 010 |
|
|
|a 64006814
|
| 035 |
|
|
|a (OCoLC)00184916
|
| 035 |
|
|
|9 AAF6634AM
|
| 040 |
|
|
|c HUC
|d TXA
|d UtOrBLW
|
| 049 |
|
|
|a TXAM
|c [407510]
|
| 050 |
|
0 |
|a DS135.E5
|b R62 1964
|
| 092 |
|
|
|a 301.451
|b R845h, 1964
|
| 100 |
1 |
|
|a Roth, Cecil,
|d 1899-1970.
|
| 245 |
1 |
2 |
|a A history of the Jews in England.
|
| 250 |
|
|
|a 3d ed.
|
| 264 |
|
1 |
|a Oxford :
|b Clarendon Press,
|c 1964.
|
| 300 |
|
|
|a xii,311 pages ;
|c 23 cm.
|
| 336 |
|
|
|a text
|b txt
|2 rdacontent
|
| 337 |
|
|
|a unmediated
|b n
|2 rdamedia
|
| 338 |
|
|
|a volume
|b nc
|2 rdacarrier
|
| 504 |
|
|
|a "Bibliographical note": pages [xi]-xii. Bibliographical footnotes.
|
| 650 |
|
0 |
|a Jews
|z Great Britain.
|
| 999 |
|
|
|a MARS
|
| 999 |
f |
f |
|s ecc34d4a-aa05-3315-b68b-be7d3b1c0fcd
|i 32fa7f2a-007d-32d7-b5d5-8fff4340c511
|t 0
|
| 952 |
f |
f |
|p ric
|a Texas A&M University
|b Rellis Campus
|c Joint Library Facility
|d Remote Storage
|t 0
|e DS135.E5 R62 1964
|h Library of Congress classification
|i unmediated -- volume
|m A14800643782
|
| 998 |
f |
f |
|a DS135.E5 R62 1964
|t 0
|l Remote Storage
|